000 00777cam a2200265 4500
001 A340
008 090401t1993 xxu||||| |||| 00| 0 eng d
035 _a(Sirsi) u95392
041 _aeng
110 _aRoyal Institution of Chartered Surveyors
_94900
245 _aReview of the effectiveness of restoration conditions for mineral workings and the need for bonds
260 _bRICS
_c1993
300 _a4p
350 _a3
490 _aRICS Memorandum
_vGCPPA/Report(93)15
520 _aRICS response to DoE report published on 6 April 1993.
650 _aBONDING
650 _aGUARANTEES
650 _aMINERAL PLANNING
650 _aMINERAL WORKINGS
650 _aRESTORATION CONDITIONS
690 _aMINING AND MINERALS
942 _n0
948 _c04/03/1997
999 _c98474
_d98474